| 000 | 00596nam a2200241Ia 4500 | ||
|---|---|---|---|
| 008 | 170712s9999 xx 000 0 und d | ||
| 020 | _a9712703312 | ||
| 050 | _a155.66 | ||
| 050 | _bC733 1994 | ||
| 245 | _aComing to terms : | ||
| 245 | _bwritings on midlife by 15 women / | ||
| 245 | _cedited by Lorna K. Tirol. | ||
| 260 | _aPhilippines : | ||
| 260 | _bAnvil, | ||
| 260 | _c1994 | ||
| 300 | _a204 pages : | ||
| 300 | _billustrations ; | ||
| 300 | _c22cm. | ||
| 650 | _aKalaw-Tirol, Lorna. | ||
| 650 | _aMiddle age -- | ||
| 650 | _xPsychological aspects. | ||
| 650 | _xTitle. | ||
| 999 |
_c340388 _d340388 |
||